Jude, 2 Peter / (Record no. 36533)
[ view plain ]
| 000 -LEADER | |
|---|---|
| fixed length control field | 00675cam a22002054a 4500 |
| 005 - DATE AND TIME OF LATEST TRANSACTION | |
| control field | 20140520110341.0 |
| 008 - FIXED-LENGTH DATA ELEMENTS--GENERAL INFORMATION | |
| fixed length control field | 020419s2002 tnu b 001 0 eng |
| 020 ## - INTERNATIONAL STANDARD BOOK NUMBER | |
| International Standard Book Number | 0687057620 |
| 100 1# - MAIN ENTRY--PERSONAL NAME | |
| Personal name | Kraftchick, Steven John. |
| 245 10 - TITLE STATEMENT | |
| Title | Jude, 2 Peter / |
| Statement of responsibility, etc | Steven J. Kraftchick. |
| 246 3# - VARYING FORM OF TITLE | |
| Title proper/short title | Jude, two Peter |
| 246 3# - VARYING FORM OF TITLE | |
| Title proper/short title | Jude, Second Peter |
| 260 ## - PUBLICATION, DISTRIBUTION, ETC. (IMPRINT) | |
| Place of publication, distribution, etc | Nashville, TN : |
| Name of publisher, distributor, etc | Abingdon Press, |
| Date of publication, distribution, etc | c2002. |
| 300 ## - PHYSICAL DESCRIPTION | |
| Extent | 190 p. ; |
| Dimensions | 23 cm. |
| 440 #0 - SERIES STATEMENT/ADDED ENTRY--TITLE | |
| Title | Abingdon New Testament commentaries |
| 504 ## - BIBLIOGRAPHY, ETC. NOTE | |
| Bibliography, etc | Includes bibliographical references (p. 181-186) and index. |
| 630 00 - SUBJECT ADDED ENTRY--UNIFORM TITLE | |
| Uniform title | Bible. |
| Name of part/section of a work | N.T. |
| -- | Jude |
| Form subdivision | Commentaries. |
| 630 00 - SUBJECT ADDED ENTRY--UNIFORM TITLE | |
| Uniform title | Bible. |
| Name of part/section of a work | N.T. |
| -- | Peter, 2nd |
| Form subdivision | Commentaries. |
| 942 ## - ADDED ENTRY ELEMENTS (KOHA) | |
| Source of classification or shelving scheme | Library of Congress Classification |
| Item type | Books |
| Withdrawn status | Lost status | Source of classification or shelving scheme | Damaged status | Not for loan | Home library | Current library | Shelving location | Date acquired | Source of acquisition | Cost, normal purchase price | Accession number | Total Checkouts | Full call number | Barcode | Date last seen | Price effective from | Koha item type |
|---|---|---|---|---|---|---|---|---|---|---|---|---|---|---|---|---|---|
| Library of Congress Classification | BSOP Library | BSOP Library | Reference | 11/11/2011 | Theological Book Network | 400.00 | 35906 | BS2815.3 K85 2002 | 00043406 | 05/02/2013 | 05/02/2013 | Books |
